Score 0/18 Timer 03:00
1 Play Today
% Correct
A Series of Unfortunate Events
74%
Stranger Things
72.8%
Orange Is the New Black
70.2%
Fuller House
69.2%
Narcos
64.9%
Arrested Development
63.5%
13 Reasons Why
61.7%
House of Cards
55.1%
Unbreakable Kimmy Schmidt
51.9%
% Correct
Queer Eye
48.7%
Marvel's Daredevil
43.9%
Trailer Park Boys
39.9%
Master of None
39.8%
The Ranch
37.2%
Big Mouth
35.9%
Grace and Frankie
30.1%
Sense8
29.7%
Bloodline
22.9%
Remove Ads.
Support Sporcle.
Get the best of Sporcle when you Go Orange. This ad-free experience offers more features, more stats, and more fun while also helping to support Sporcle. Thank you for becoming a member.

You're not logged in!

Compare scores with friends on all Sporcle quizzes.
OR
Log In

Sporcle TV

Today on Sporcle TV


Watch our educational content, quiz creation guides, and fun videos on Sporcle TV.

Show Comments

Extras

Top Quizzes Today


Score Distribution

Paid Content

Your Account Isn't Verified!

In order to create a playlist on Sporcle, you need to verify the email address you used during registration. Go to your Sporcle Settings to finish the process.

Report this User

Report this user for behavior that violates our Community Guidelines.

Details: